[Event "POL-chT 1 Liga 2019"]
[Site "Dzwirzyno"]
[Date "2019.09.13"]
[Round "7.25"]
[White "Sapis, Witalis"]
[Black "Klekowski, Maciej"]
[Result "1/2-1/2"]
[WhiteElo "2376"]
[BlackElo "2473"]
[Annotator "ChessBase"]
[PlyCount "28"]
[EventDate "2019.09.07"]
[EventType "team-tourn"]
[EventCountry "POL"]
[SourceTitle "playchess.com"]
[Source "ChessBase"]
[SourceQuality "1"]
[TimeControl "40/5400+30:1800+30"]

1. d4 {[%emt 0:00:00]} Nf6 {[%emt 0:00:12]} 2. Nf3 {[%emt 0:01:01]} e6 {[%emt 0:00:27]} 3. c4 {[%emt 0:00:24]} b6 {[%emt 0:00:05]} 4. a3 {[%emt 0:00:57]} Bb7 {[%emt 0:00:07]} 5. Nc3 {[%emt 0:00:05]} d5 {[%emt 0:00:06]} 6. Bf4 {[%emt 0:00:46]} a6 {[%emt 0:33:38]} 7. e3 {[%emt 0:03:13]} Bd6 {[%emt 0:01:43]} 8. Bxd6 {[%emt 0:03:02]} Qxd6 {[%emt 0:00:26]} 9. cxd5 {[%emt 0:01:14]} exd5 {[%emt 0:00:18]} 10. b4 {[%emt 0:10:35]} Nbd7 {[%emt 0:01:23]} 11. Na4 {[%emt 0:03:03]} O-O {[%emt 0:01:41]} 12. Bd3 {[%emt 0:00:16]} Ne4 {[%emt 0:08:20]} 13. O-O {[%emt 0:05:02]} a5 {[%emt 0:10:29]} 14. Qb3 {[%emt 0:08:27]} g6 {[%emt 0:16:42]} 1/2-1/2

[Event "POL-chT 1 Liga 2019"]
[Site "Dzwirzyno"]
[Date "2019.09.13"]
[Round "7.26"]
[White "Barski, Radoslaw"]
[Black "Godzwon, Iwo"]
[Result "1-0"]
[WhiteElo "2425"]
[BlackElo "2265"]
[Annotator "NA"]
[PlyCount "91"]
[EventDate "2019.09.07"]
[EventType "team-tourn"]
[EventCountry "POL"]
[SourceTitle "playchess.com"]
[Source "ChessBase"]
[SourceQuality "1"]
[TimeControl "40/5400+30:1800+30"]

1. e4 {[%emt 0:00:00]} c5 {[%emt 0:00:00]} 2. Nf3 {[%emt 0:00:04]} d6 {[%emt 0:00:00]} 3. Bb5+ {[%emt 0:00:07]} Nd7 {[%emt 0:00:00]} 4. c3 {[%emt 0:00:07]} Ngf6 {[%emt 0:00:00]} 5. Qe2 {[%emt 0:00:05]} a6 {[%emt 0:00:00]} 6. Ba4 {[%emt 0:00:22]} b5 {[%emt 0:00:24]} 7. Bc2 {[%emt 0:00:08]} Bb7 {[%emt 0:00:03]} 8. O-O {[%emt 0:00:10]} g6 {[%emt 0:00:05]} 9. d4 {[%emt 0:02:29]} Bg7 {[%emt 0:00:05]} 10. Re1 {[%emt 0:01:05]} O-O {[%emt 0:00:14]} 11. Nbd2 {[%emt 0:00:22]} cxd4 {[%emt 0:06:50]} 12. cxd4 {[%emt 0:00:44]} e5 {[%emt 0:00:06]} 13. d5 {[%emt 0:02:35]} Rc8 {[%emt 0:00:25]} 14. Nb3 {[%emt 0:05:12]} Qc7 {[%emt 0:14:01]} 15. Bd3 {[%emt 0:05:41]} Nc5 {[%emt 0:00:46]} 16. Nxc5 {[%emt 0:00:55]} dxc5 {[%emt 0:00:04]} 17. b3 {[%emt 0:00:50]} c4 {[%emt 0:09:35]} 18. bxc4 {[%emt 0:00:07]} bxc4 {[%emt 0:00:02]} 19. Bc2 {[%emt 0:00:14]} Ne8 {[%emt 0:00:27]} 20. Rb1 {[%emt 0:06:59]} Nd6 {[%emt 0:00:27]} 21. a4 {[%emt 0:00:02]} h6 {[%emt 0:07:06]} 22. Ba3 {[%emt 0:06:14]} Rfd8 {[%emt 0:01:00]} 23. Qe3 {[%emt 0:00:37]} c3 {[%emt 0:14:44]} 24. Qa7 {[%emt 0:03:08]} Rb8 {[%emt 0:00:02]} 25. Bxd6 {[%emt 0:18:45]} Rxd6 {[%emt 0:00:03]} 26. Rb3 {[%emt 0:00:10]} Rd7 {[%emt 0:03:27]} 27. Reb1 {[%emt 0:01:08]} Bf8 {[%emt 0:00:06]} 28. Qe3 {[%emt 0:00:17]} Qd6 {[%emt 0:04:44]} 29. Qxc3 {[%emt 0:17:00]} Rc8 {[%emt 0:00:51]} 30. Qb2 {[%emt 0:00:31]} Bg7 {[%emt 0:05:10]} 31. Bd3 {[%emt 0:03:05]} Bxd5 {[%emt 0:00:26]} 32. Rb6 {[%emt 0:05:58]} Bc6 {[%emt 0:03:28]} 33. Bxa6 {[%emt 0:00:35]} Rcc7 {[%emt 0:02:16]} 34. Bb5 {[%emt 0:04:44]} Qc5 {[%emt 0:02:13]} 35. Bxc6 {[%emt 0:03:03]} Rxc6 36. Rxc6 {[%emt 0:01:47]} Qxc6 {[%emt 0:00:09]} 37. Qb8+ {[%emt 0:01:48]} Kh7 {[%emt 0:00:04]} 38. Qb4 {[%emt 0:00:16]} f5 {[%emt 0:06:36]} 39. exf5 {[%emt 0:04:02]} gxf5 {[%emt 0:00:07]} 40. Qb5 {[%emt 0:00:00]} Qe6 {[%emt 0:00:00]} 41. g3 {[%emt 0:19:47]} e4 {[%emt 0:05:43]} 42. Qe2 {[%emt 0:01:12]} Ra7 {[%emt 0:02:31]} 43. Nh4 {[%emt 0:03:41]} Bf6 {[%emt 0:11:31]} 44. Qe3 {[%emt 0:03:45]} Rxa4 {[%emt 0:00:28]} 45. Rb7+ {[%emt 0:00:47]} Bg7 {[%emt 0:00:06]} 46. Qc3 {[%emt 0:01:16]} 1-0

[Event "POL-chT 1 Liga 2019"]
[Site "Dzwirzyno"]
[Date "2019.09.13"]
[Round "7.27"]
[White "Tofil, Borys"]
[Black "Kosakowski, Jakub"]
[Result "0-1"]
[WhiteElo "2202"]
[BlackElo "2411"]
[Annotator "NA"]
[PlyCount "120"]
[EventDate "2019.09.07"]
[EventType "team-tourn"]
[EventCountry "POL"]
[SourceTitle "playchess.com"]
[Source "ChessBase"]
[SourceQuality "1"]
[TimeControl "40/5400+30:1800+30"]

1. e4 {[%emt 0:00:00]} c5 {[%emt 0:00:00]} 2. b3 {[%emt 0:00:00]} b6 {[%emt 0:02:51]} 3. Bb2 {[%emt 0:02:28]} Bb7 {[%emt 0:00:54]} 4. Nc3 {[%emt 0:03:16]} e6 {[%emt 0:04:36]} 5. Nf3 {[%emt 0:01:57]} Nc6 {[%emt 0:05:43]} 6. e5 {[%emt 0:16:34]} f5 {[%emt 0:05:10]} 7. Nb5 {[%emt 0:08:47]} Nh6 {[%emt 0:02:19]} 8. Nd6+ {[%emt 0:17:35]} Bxd6 {[%emt 0:00:10]} 9. exd6 {[%emt 0:00:01]} O-O {[%emt 0:00:15]} 10. d4 {[%emt 0:00:33]} cxd4 {[%emt 0:01:51]} 11. Nxd4 {[%emt 0:00:20]} Qg5 {[%emt 0:17:09]} 12. Nf3 {[%emt 0:07:22]} Qf4 {[%emt 0:01:45]} 13. h3 {[%emt 0:16:58]} Nf7 {[%emt 0:10:33]} 14. Be2 {[%emt 0:01:51]} Rfd8 {[%emt 0:00:15]} 15. Ba3 {[%emt 0:06:02]} b5 {[%emt 0:09:47]} 16. Bc5 {[%emt 0:03:51]} Nce5 {[%emt 0:01:18]} 17. Nxe5 {[%emt 0:02:24]} Qxe5 {[%emt 0:00:53]} 18. Qd4 {[%emt 0:01:34]} Qxd4 {[%emt 0:04:49]} 19. Bxd4 {[%emt 0:00:02]} Nxd6 {[%emt 0:00:11]} 20. O-O-O {[%emt 0:01:27]} Ne8 {[%emt 0:00:33]} 21. Bxb5 {[%emt 0:00:55]} Bxg2 {[%emt 0:00:22]} 22. Rh2 {[%emt 0:01:04]} Bf3 {[%emt 0:00:07]} 23. Rg1 {[%emt 0:01:05]} Kf7 {[%emt 0:00:17]} 24. Rg3 {[%emt 0:00:18]} Bc6 {[%emt 0:01:03]} 25. Bxc6 {[%emt 0:00:55]} dxc6 {[%emt 0:00:01]} 26. Be5 {[%emt 0:00:15]} Rd5 {[%emt 0:00:50]} 27. f4 {[%emt 0:00:27]} Nf6 {[%emt 0:00:06]} 28. Rhg2 g6 {[%emt 0:00:15]} 29. Rc3 {[%emt 0:01:45]} Rc8 {[%emt 0:00:05]} 30. Rc4 {[%emt 0:00:33]} Nd7 {[%emt 0:00:22]} 31. Bb2 {[%emt 0:01:30]} Nb6 {[%emt 0:00:11]} 32. Rd4 {[%emt 0:00:34]} Rcd8 {[%emt 0:01:43]} 33. Rxd5 {[%emt 0:00:19]} Nxd5 {[%emt 0:01:22]} 34. Be5 {[%emt 0:00:12]} Nf6 {[%emt 0:01:21]} 35. a4 {[%emt 0:01:32]} Ne4 {[%emt 0:01:09]} 36. h4 {[%emt 0:00:38]} h6 {[%emt 0:00:27]} 37. b4 {[%emt 0:01:28]} a6 {[%emt 0:02:21]} 38. c4 {[%emt 0:01:37]} Rd7 {[%emt 0:03:35]} 39. Kc2 {[%emt 0:00:27]} Rb7 {[%emt 0:01:01]} 40. Kb3 {[%emt 0:00:00]} Nc5+ {[%emt 0:00:00]} 41. Ka3 {[%emt 0:03:28]} Nd3 {[%emt 0:00:35]} 42. Rd2 {[%emt 0:09:15]} Nxe5 {[%emt 0:01:28]} 43. fxe5 {[%emt 0:00:03]} g5 {[%emt 0:00:14]} 44. hxg5 {[%emt 0:01:41]} hxg5 {[%emt 0:00:06]} 45. b5 {[%emt 0:01:20]} axb5 {[%emt 0:00:56]} 46. axb5 {[%emt 0:01:17]} cxb5 {[%emt 0:00:06]} 47. c5 {[%emt 0:00:12]} b4+ {[%emt 0:02:24]} 48. Kb3 {[%emt 0:00:07]} f4 {[%emt 0:00:25]} 49. c6 {[%emt 0:00:21]} Rc7 {[%emt 0:00:06]} 50. Rc2 {[%emt 0:00:16]} Kg6 {[%emt 0:01:01]} 51. Kxb4 {[%emt 0:00:07]} g4 {[%emt 0:09:27]} 52. Kc5 {[%emt 0:00:13]} g3 {[%emt 0:00:25]} 53. Rg2 {[%emt 0:06:37]} Kf5 {[%emt 0:00:17]} 54. Kd6 {[%emt 0:00:02]} Rc8 {[%emt 0:00:44]} 55. Kd7 {[%emt 0:01:01]} Rh8 {[%emt 0:00:09]} 56. c7 {[%emt 0:00:11]} Kg4 {[%emt 0:04:08]} 57. Kxe6 {[%emt 0:00:31]} f3 {[%emt 0:00:47]} 58. Rd2 {[%emt 0:00:16]} Rc8 {[%emt 0:00:26]} 59. Kd7 {[%emt 0:02:17]} Rxc7+ {[%emt 0:00:09]} 60. Kxc7 {[%emt 0:00:08]} f2 {[%emt 0:00:04]} 0-1

[Event "POL-chT 1 Liga 2019"]
[Site "Dzwirzyno"]
[Date "2019.09.13"]
[Round "7.28"]
[White "Walter, Szymon"]
[Black "Kowalski, Maciej"]
[Result "1-0"]
[WhiteElo "2311"]
[BlackElo "2095"]
[Annotator "NA"]
[PlyCount "39"]
[EventDate "2019.09.07"]
[EventType "team-tourn"]
[EventCountry "POL"]
[SourceTitle "playchess.com"]
[Source "ChessBase"]
[SourceQuality "1"]
[TimeControl "40/5400+30:1800+30"]

1. e4 {[%emt 0:00:00]} d5 {[%emt 0:00:00]} 2. exd5 {[%emt 0:00:00]} Nf6 {[%emt 0:00:00]} 3. d4 {[%emt 0:00:54]} Nxd5 {[%emt 0:00:00]} 4. Nf3 {[%emt 0:00:18]} g6 {[%emt 0:00:00]} 5. Bb5+ {[%emt 0:03:14]} c6 {[%emt 0:04:11]} 6. Be2 {[%emt 0:00:36]} Bg7 {[%emt 0:00:08]} 7. O-O {[%emt 0:05:47]} O-O {[%emt 0:00:07]} 8. c4 {[%emt 0:04:01]} Nc7 {[%emt 0:00:40]} 9. Nc3 {[%emt 0:11:13]} Bg4 {[%emt 0:05:40]} 10. Be3 {[%emt 0:02:23]} f5 {[%emt 0:03:33]} 11. d5 {[%emt 0:01:54]} Bxc3 {[%emt 0:03:25]} 12. bxc3 {[%emt 0:00:11]} cxd5 {[%emt 0:00:30]} 13. Bh6 {[%emt 0:00:30]} Re8 {[%emt 0:23:48]} 14. Ne5 {[%emt 0:39:58]} Bxe2 {[%emt 0:01:06]} 15. Qxe2 {[%emt 0:00:04]} e6 {[%emt 0:03:04]} 16. Rad1 {[%emt 0:01:02]} Qh4 {[%emt 0:02:01]} 17. Qe3 {[%emt 0:01:06]} Qe4 {[%emt 0:01:10]} 18. Qg3 {[%emt 0:00:39]} f4 {[%emt 0:05:25]} 19. Bxf4 {[%emt 0:00:09]} dxc4 {[%emt 0:00:22]} 20. Ng4 {[%emt 0:00:28]} 1-0

[Event "POL-chT 1 Liga 2019"]
[Site "Dzwirzyno"]
[Date "2019.09.13"]
[Round "7.29"]
[White "Rogala, Milosz"]
[Black "Dzierzak, Radoslaw"]
[Result "0-1"]
[WhiteElo "1788"]
[BlackElo "2253"]
[Annotator "NA"]
[PlyCount "80"]
[EventDate "2019.09.07"]
[EventType "team-tourn"]
[EventCountry "POL"]
[SourceTitle "playchess.com"]
[Source "ChessBase"]
[SourceQuality "1"]
[TimeControl "40/5400+30:1800+30"]

1. e4 {[%emt 0:00:00]} d6 {[%emt 0:00:00]} 2. d4 {[%emt 0:00:00]} Nf6 {[%emt 0:00:00]} 3. Nc3 {[%emt 0:00:16]} g6 {[%emt 0:00:13]} 4. Bg5 {[%emt 0:00:25]} Bg7 {[%emt 0:00:37]} 5. Qd2 {[%emt 0:00:37]} c6 {[%emt 0:01:02]} 6. O-O-O {[%emt 0:09:28]} b5 {[%emt 0:01:47]} 7. Bd3 {[%emt 0:02:12]} Nbd7 {[%emt 0:02:49]} 8. f3 {[%emt 0:03:02]} Qa5 {[%emt 0:05:23]} 9. Kb1 {[%emt 0:02:57]} b4 {[%emt 0:02:03]} 10. Nce2 {[%emt 0:01:01]} c5 {[%emt 0:01:55]} 11. Bh6 {[%emt 0:05:01]} Bxh6 {[%emt 0:05:29]} 12. Qxh6 {[%emt 0:00:12]} Qc7 {[%emt 0:09:19]} 13. dxc5 {[%emt 0:07:37]} Qxc5 {[%emt 0:01:27]} 14. Nh3 {[%emt 0:02:30]} Ne5 {[%emt 0:09:59]} 15. Ng5 {[%emt 0:10:35]} Bd7 {[%emt 0:03:58]} 16. Nc1 {[%emt 0:04:52]} a5 {[%emt 0:07:46]} 17. Rhe1 {[%emt 0:02:16]} a4 {[%emt 0:03:36]} 18. f4 {[%emt 0:03:31]} Neg4 {[%emt 0:01:14]} 19. Qg7 {[%emt 0:00:10]} Rf8 {[%emt 0:00:32]} 20. e5 {[%emt 0:01:19]} dxe5 {[%emt 0:04:19]} 21. fxe5 {[%emt 0:02:42]} Nxe5 {[%emt 0:02:43]} 22. Rxe5 {[%emt 0:03:26]} Qxe5 {[%emt 0:02:33]} 23. Nxh7 {[%emt 0:00:05]} O-O-O {[%emt 0:02:22]} 24. Nxf8 {[%emt 0:00:38]} a3 {[%emt 0:01:03]} 25. Ba6+ {[%emt 0:00:20]} Kc7 {[%emt 0:05:52]} 26. Nd3 {[%emt 0:02:32]} Bf5 {[%emt 0:02:47]} 27. Rc1 {[%emt 0:08:41]} Rxd3 {[%emt 0:09:05]} 28. cxd3+ {[%emt 0:01:04]} Kb6 {[%emt 0:00:08]} 29. Nd7+ {[%emt 0:02:50]} Bxd7 {[%emt 0:02:17]} 30. Rc2 {[%emt 0:01:05]} Kxa6 {[%emt 0:02:27]} 31. Qh8 {[%emt 0:02:36]} Kb7 {[%emt 0:03:40]} 32. Qh4 {[%emt 0:01:34]} Ng4 {[%emt 0:00:54]} 33. h3 {[%emt 0:01:09]} g5 {[%emt 0:00:25]} 34. Qh5 {[%emt 0:01:04]} Qe1+ {[%emt 0:01:40]} 35. Rc1 {[%emt 0:00:21]} Qd2 {[%emt 0:00:07]} 36. Rc2 {[%emt 0:02:35]} Qd1+ {[%emt 0:00:09]} 37. Rc1 {[%emt 0:00:06]} Qxd3+ {[%emt 0:00:03]} 38. Ka1 {[%emt 0:00:31]} axb2+ {[%emt 0:00:26]} 39. Kxb2 {[%emt 0:00:13]} Qa3+ {[%emt 0:00:04]} 40. Kb1 {[%emt 0:00:00]} Bf5+ {[%emt 0:00:00]} 0-1

[Event "POL-chT 1 Liga 2019"]
[Site "Dzwirzyno"]
[Date "2019.09.13"]
[Round "7.30"]
[White "Malicka, Maria"]
[Black "Sapis, Lucyna"]
[Result "1-0"]
[WhiteElo "2095"]
[BlackElo "2042"]
[Annotator "NA"]
[PlyCount "73"]
[EventDate "2019.09.07"]
[EventType "team-tourn"]
[EventCountry "POL"]
[SourceTitle "playchess.com"]
[Source "ChessBase"]
[SourceQuality "1"]
[TimeControl "40/5400+30:1800+30"]

1. e4 {[%emt 0:00:00]} c6 {[%emt 0:00:00]} 2. d4 {[%emt 0:00:00]} d5 {[%emt 0:00:00]} 3. Nc3 {[%emt 0:00:00]} dxe4 {[%emt 0:00:17]} 4. Nxe4 {[%emt 0:00:00]} Bf5 {[%emt 0:00:41]} 5. Ng3 {[%emt 0:00:03]} Bg6 {[%emt 0:00:17]} 6. h4 {[%emt 0:00:07]} h6 {[%emt 0:00:23]} 7. Nf3 {[%emt 0:00:10]} Nd7 {[%emt 0:00:26]} 8. h5 {[%emt 0:00:12]} Bh7 {[%emt 0:00:11]} 9. Bd3 {[%emt 0:00:07]} Bxd3 {[%emt 0:00:11]} 10. Qxd3 {[%emt 0:00:08]} Qc7 {[%emt 0:02:29]} 11. Bd2 {[%emt 0:02:57]} e6 {[%emt 0:00:56]} 12. O-O-O {[%emt 0:00:37]} Ngf6 {[%emt 0:00:44]} 13. Ne4 {[%emt 0:01:57]} Be7 {[%emt 0:01:13]} 14. Kb1 {[%emt 0:08:02]} a5 {[%emt 0:02:31]} 15. g3 {[%emt 0:11:09]} Nxe4 {[%emt 0:05:55]} 16. Qxe4 {[%emt 0:00:04]} Nf6 {[%emt 0:00:30]} 17. Qe2 {[%emt 0:00:24]} Bd6 {[%emt 0:07:47]} 18. c4 {[%emt 0:12:57]} b6 {[%emt 0:03:13]} 19. Ne5 {[%emt 0:09:46]} Bxe5 {[%emt 0:01:30]} 20. dxe5 {[%emt 0:00:06]} Nd7 {[%emt 0:01:43]} 21. f4 {[%emt 0:04:20]} O-O-O {[%emt 0:08:17]} 22. Be3 {[%emt 0:00:23]} Nb8 {[%emt 0:00:58]} 23. c5 {[%emt 0:04:34]} b5 {[%emt 0:08:44]} 24. Rd6 {[%emt 0:00:23]} Rd7 {[%emt 0:02:18]} 25. Rhd1 {[%emt 0:01:49]} Rxd6 {[%emt 0:03:20]} 26. cxd6 {[%emt 0:02:49]} Qb7 {[%emt 0:05:04]} 27. Qg4 {[%emt 0:11:01]} Rg8 {[%emt 0:00:38]} 28. f5 {[%emt 0:01:36]} Qd7 {[%emt 0:02:00]} 29. Rf1 {[%emt 0:02:06]} Qe8 {[%emt 0:09:04]} 30. Qe4 {[%emt 0:08:42]} Qd7 {[%emt 0:03:28]} 31. f6 {[%emt 0:02:57]} g6 {[%emt 0:04:34]} 32. hxg6 {[%emt 0:00:53]} Qe8 {[%emt 0:03:36]} 33. g7 {[%emt 0:00:34]} h5 {[%emt 0:04:21]} 34. Rh1 {[%emt 0:00:46]} Kb7 {[%emt 0:04:45]} 35. Qd4 {[%emt 0:01:24]} c5 {[%emt 0:01:32]} 36. Qxc5 {[%emt 0:00:14]} Qc6 {[%emt 0:00:11]} 37. Qa7+ {[%emt 0:00:09]} 1-0

[Event "POL-chT 1 Liga 2019"]
[Site "Dzwirzyno"]
[Date "2019.09.14"]
[Round "8.1"]
[White "Nayhebaver, Martin"]
[Black "Klekowski, Maciej"]
[Result "0-1"]
[WhiteElo "2491"]
[BlackElo "2473"]
[Annotator "TA"]
[PlyCount "102"]
[EventDate "2019.09.07"]
[EventType "team-tourn"]
[EventCountry "POL"]
[SourceTitle "playchess.com"]
[Source "ChessBase"]
[SourceQuality "1"]

{[%evp 11,102,6,14,19,8,5,12,0,11,0,4,-2,43,10,17,-14,-9,-31,6,23,52,33,66,-20,-10,-17,-3,-4,-9,0,-8,-17,-7,-10,-8,-10,-10,-21,-18,-28,-20,-54,-45,-116,-31,-22,-15,-93,-78,-200,-200,-198,-198,-256,-265,-254,-262,-275,-243,-265,-233,-265,-269,-264,-258,-259,-250,-345,-369,-364,-350,-369,-380,-387,-384,-396,-389,-620,-641,-546,-503,-898,-633,-950,-872,-807,-770,-29967,-29967,-29968,-29969,-29986,-29987]} 1. e4 e5 2. Nf3 Nc6 3. Bb5 Nf6 4. d3 Bc5 5. c3 O-O 6. O-O d6 7. Re1 {C65: Ruy Lopez: Berlin Defence (3...Nf6), unusual lines and 4 0-0 Bc5} Ne7 8. d4 Bb6 9. Nbd2 {The position is equal.} c6 10. Bf1 exd4 11. cxd4 Ng6 12. h3 Re8 13. e5 $146 ({Predecessor:} 13. b4 h6 14. a4 a6 15. Qc2 {0-1 (51) Vallejo Pons,F (2707)-Kryvoruchko,Y (2689) Riadh 2017}) 13... dxe5 14. dxe5 Nd7 {[%cal Rd7e5]} 15. e6 $1 {[%cal Re6f7]} fxe6 16. Nc4 Nf6 17. Nd6 (17. Nxb6 Qxd1 18. Rxd1 axb6 $11) (17. Qc2 $14) 17... Rf8 $11 18. Bg5 h6 $36 {[%mdl 2048] Black fights for an advantage.} 19. Nxc8 Qxd1 20. Raxd1 Raxc8 21. Be3 Bxe3 22. Rxe3 Rfe8 23. Rde1 Nf8 24. Nd4 Nd5 25. Re5 Kf7 26. Be2 Rcd8 27. Bg4 (27. Bc4 $15) 27... Nc7 (27... Nf6 $17 28. Nf3 (28. Nxe6 Rd2 $17) (28. Bxe6+ Nxe6 29. Nxe6 Rd2 $17) 28... Rd5) 28. R5e4 $15 Rd6 29. b4 (29. Nf3 $11 {remains equal.}) 29... Nd5 {Hoping for ...Nf6.} 30. Nf5 (30. Nb3 $17 {is a better defense.}) 30... exf5 $19 {[%mdl 64] Discovered Attack} 31. Bh5+ g6 {[#]} 32. Rxe8 (32. Bxg6+ $1 {[%mdl 512] was called for.} Nxg6 (32... Rxg6 33. Rxe8) 33. Rxe8) 32... gxh5 33. Rb8 Rd7 34. Ree8 Ng6 35. a3 Nde7 36. g3 h4 37. gxh4 h5 38. Red8 Rc7 39. Ra8 b6 {[%cal Bb7b6,Bb6c5,Bc5c4,Bc4c3][%mdl 32]} ({Weaker is} 39... Nxh4 40. Rxa7 Nc8 41. Ra5 $17) 40. Kf1 c5 ({Not} 40... Nxh4 41. Rh8 $19) 41. bxc5 bxc5 42. Ke1 Ke6 43. Kd2 Ke5 44. a4 (44. Rab8 $142) 44... c4 45. Rab8 Nf4 46. a5 (46. Rb4 $142 Nxh3 47. Rb5+ Ke4 48. a5) 46... Nfd5 47. Rb5 a6 48. Rb1 Nc6 49. Ra8 c3+ {Black mates.} 50. Kc1 Ncb4 51. Ra1 Rg7 {Accuracy: White = 27%, Black = 66%.} 0-1

[Event "POL-chT 1 Liga 2019"]
[Site "Dzwirzyno"]
[Date "2019.09.14"]
[Round "8.2"]
[White "Barski, Radoslaw"]
[Black "Roubalik, Jakub"]
[Result "0-1"]
[WhiteElo "2425"]
[BlackElo "2405"]
[Annotator "NA"]
[PlyCount "110"]
[EventDate "2019.09.07"]
[EventType "team-tourn"]
[EventCountry "POL"]
[SourceTitle "playchess.com"]
[Source "ChessBase"]
[SourceQuality "1"]
[TimeControl "40/5400+30:1800+30"]

1. e4 {[%emt 0:00:46]} c5 {[%emt 0:00:00]} 2. Nf3 {[%emt 0:00:06]} Nc6 {[%emt 0:00:00]} 3. d4 {[%emt 0:05:06]} cxd4 {[%emt 0:00:00]} 4. Nxd4 {[%emt 0:00:04]} e5 {[%emt 0:00:00]} 5. Nb5 {[%emt 0:00:06]} d6 {[%emt 0:00:00]} 6. c4 {[%emt 0:00:30]} Be7 {[%emt 0:00:25]} 7. N1c3 {[%emt 0:00:08]} a6 {[%emt 0:00:07]} 8. Na3 {[%emt 0:00:04]} Be6 {[%emt 0:00:29]} 9. Be2 {[%emt 0:02:16]} Bg5 {[%emt 0:02:46]} 10. O-O {[%emt 0:04:41]} Bxc1 {[%emt 0:00:11]} 11. Rxc1 {[%emt 0:00:06]} Nf6 {[%emt 0:00:23]} 12. Nc2 {[%emt 0:01:11]} O-O {[%emt 0:00:14]} 13. Qd2 {[%emt 0:07:01]} Qb6 {[%emt 0:01:34]} 14. b3 {[%emt 0:07:17]} Rfd8 {[%emt 0:00:21]} 15. Rfd1 {[%emt 0:00:53]} Rac8 {[%emt 0:01:08]} 16. h3 {[%emt 0:03:30]} h6 {[%emt 0:02:04]} 17. Bf3 {[%emt 0:06:10]} Qa7 {[%emt 0:11:57]} 18. Nd5 {[%emt 0:06:21]} Nd7 {[%emt 0:23:12]} 19. Nce3 {[%emt 0:05:40]} Kf8 {[%emt 0:13:49]} 20. Nf5 {[%emt 0:10:00]} Bxf5 {[%emt 0:04:42]} 21. exf5 {[%emt 0:00:11]} Nd4 {[%emt 0:00:10]} 22. Be4 {[%emt 0:00:59]} b5 {[%emt 0:01:37]} 23. Kh2 {[%emt 0:08:40]} bxc4 {[%emt 0:03:29]} 24. bxc4 {[%emt 0:00:06]} Qc5 {[%emt 0:00:54]} 25. f4 {[%emt 0:06:30]} f6 {[%emt 0:08:15]} 26. g4 {[%emt 0:09:22]} Rb8 {[%emt 0:04:09]} 27. Rc3 {[%emt 0:09:22]} Nb6 {[%emt 0:00:43]} 28. g5 {[%emt 0:02:27]} Na4 {[%emt 0:05:23]} 29. gxf6 {[%emt 0:01:01]} Rb2 {[%emt 0:01:07]} 30. fxg7+ {[%emt 0:00:19]} Kxg7 {[%emt 0:00:57]} 31. Rg3+ {[%emt 0:02:27]} Kh8 {[%emt 0:00:54]} 32. Qxb2 {[%emt 0:00:08]} Nxb2 {[%emt 0:00:02]} 33. Rd2 {[%emt 0:00:09]} Nxc4 {[%emt 0:07:38]} 34. Rdg2 {[%emt 0:00:09]} Nxf5 {[%emt 0:00:07]} 35. Rg6 {[%emt 0:02:01]} Nce3 {[%emt 0:00:04]} 36. Bxf5 {[%emt 0:01:32]} Nxf5 {[%emt 0:03:50]} 37. Ne7 {[%emt 0:00:19]} Qc4 {[%emt 0:01:30]} 38. Nxf5 {[%emt 0:00:33]} Qxf4+ {[%emt 0:00:04]} 39. R2g3 {[%emt 0:00:28]} Qxf5 {[%emt 0:00:41]} 40. Rxh6+ {[%emt 0:00:00]} Qh7 {[%emt 0:00:00]} 41. Rxh7+ {[%emt 0:00:21]} Kxh7 {[%emt 0:00:03]} 42. Ra3 {[%emt 0:00:17]} Kg6 {[%emt 0:04:46]} 43. Kg3 {[%emt 0:02:18]} Kf5 {[%emt 0:01:33]} 44. Rxa6 {[%emt 0:00:05]} d5 {[%emt 0:01:24]} 45. Kf2 {[%emt 0:05:49]} Ke4 {[%emt 0:02:07]} 46. Ra3 {[%emt 0:02:52]} d4 {[%emt 0:05:52]} 47. h4 {[%emt 0:02:04]} d3 {[%emt 0:00:58]} 48. Ra4+ {[%emt 0:00:22]} Kf5 {[%emt 0:00:01]} 49. Ke1 {[%emt 0:00:24]} e4 {[%emt 0:00:21]} 50. Ra7 {[%emt 0:00:26]} Kf4 {[%emt 0:01:01]} 51. Kd2 {[%emt 0:03:26]} e3+ {[%emt 0:02:30]} 52. Kd1 {[%emt 0:00:01]} e2+ {[%emt 0:03:14]} 53. Kd2 {[%emt 0:00:04]} Re8 {[%emt 0:00:06]} 54. Rf7+ {[%emt 0:00:05]} Kg3 {[%emt 0:00:13]} 55. Rg7+ {[%emt 0:00:11]} Kh2 {[%emt 0:00:14]} 0-1

[Event "POL-chT 1 Liga 2019"]
[Site "Dzwirzyno"]
[Date "2019.09.14"]
[Round "8.3"]
[White "Paszewski, Mateusz"]
[Black "Kosakowski, Jakub"]
[Result "1/2-1/2"]
[WhiteElo "2297"]
[BlackElo "2411"]
[Annotator "TA"]
[PlyCount "84"]
[EventDate "2019.09.07"]
[EventType "team-tourn"]
[EventCountry "POL"]
[SourceTitle "playchess.com"]
[Source "ChessBase"]
[SourceQuality "1"]

{[%evp 19,84,0,8,-2,-2,-6,19,9,14,15,12,9,20,0,28,-83,0,0,0,0,0,0,3,-35,-31,-43,-37,-24,-39,-37,0,0,-14,-8,17,6,6,7,11,-12,0,0,5,-13,-13,-13,-14,-9,29,31,53,29,63,63,63,59,60,53,115,115,98,40,42,36,43,41,72]} 1. c4 e5 2. g3 Nf6 3. Bg2 d5 4. cxd5 Nxd5 5. Nc3 Nb6 6. Nf3 Nc6 7. O-O Be7 8. d3 O-O 9. Be3 Re8 10. Rc1 Bf8 11. Bg5 {A29: English Opening: Four Knights Variation with 4 g3} f6 12. Be3 Bf5 13. Nd2 {The position is equal.} Qd7 14. Nb3 Bh3 15. Bxh3 Qxh3 16. Bc5 {[#]} Rad8 $146 {next ...e4! is good for Black.} ({Predecessor:} 16... Bd6 17. e3 Rad8 18. Qf3 Nd7 19. Bxd6 cxd6 {1-0 (72) Ding,L (2809)-Harikrishna,P (2723) Shenzhen 2019}) 17. Nb5 {[#]} (17. Bxf8 $11 Kxf8 18. Nc5) 17... Bxc5 (17... e4 $1 $17 {And now ...Ne5 would win.} 18. Nxc7 Re5) 18. Nxc5 $11 Qc8 $1 19. Qb3+ Kh8 20. e3 Nd5 21. a3 b6 22. Ne4 Nde7 $1 23. Rfd1 h6 24. Qc2 a6 25. Nbc3 f5 26. Nd2 Qe6 27. Ne2 Rd7 28. b4 Red8 29. Nb3 Rd6 30. d4 f4 31. dxe5 Rxd1+ 32. Rxd1 Rxd1+ 33. Qxd1 fxg3 34. hxg3 Qxe5 35. Qd3 Qd5 36. Qxd5 Nxd5 $14 {[%mdl 4096] Endgame KNN-KNN} 37. e4 Nf6 38. Nc3 Ne5 ({Better is} 38... Kg8 $14) 39. f4 $16 Nc4 40. e5 (40. a4 $16) 40... Nh5 $1 $14 {White is slightly better.} 41. Kf2 {Kf3 is the strong threat.} Nxa3 42. Nd4 c5 {Accuracy: White = 55%, Black = 44%.} 1/2-1/2